000 00389nam a22001457a 4500
008 151107b xxu||||| |||| 00| 0 eng d
020 _a978-93-5115-451-8
082 _aDC 647.94068
_bR434
245 _aResort management/
260 _aUAE:
_b3G Elearning FZ LLC;
_cc2015.
300 _a266 pages;
_c23 cm.
650 0 _9287
_aResort
_xManagement
365 _b2,495.00
_cPHP.
942 _2ddc
_cDC
999 _c180
_d180